Leon Luo
N/A
Categories
Fine Arts - Music | 0 | 2 | 0 | 0 | 20 | 96 | 108.00 | 0 | 0 |
RMP - World Mythology | 1 | 0 | 0 | 0 | 15 | 38 | 38.00 | 1 | 1 |
Social Science - Economics | 1 | 0 | 0 | 0 | 15 | 54 | 54.00 | 0 | 1 |
Fine Arts - Ballet/Dance | 0 | 1 | 0 | 0 | 10 | 132 | 132.00 | 0 | 0 |
Fine Arts - Jazz | 0 | 1 | 0 | 0 | 10 | 119 | 119.00 | 0 | 0 |
RMP - Christian Practice | 0 | 1 | 0 | 0 | 10 | 116 | 116.00 | 0 | 0 |
Science - Computer Science | 0 | 1 | 0 | 0 | 10 | 116 | 116.00 | 0 | 0 |
Science - Engineering and Miscellaneous | 0 | 1 | 0 | 0 | 10 | 106 | 106.00 | 0 | 0 |
History - European | 0 | 0 | 0 | 0 | 0 | 0.00 | 0 | 0 | |
Fine Arts - Film | 0 | 0 | 0 | 0 | 0 | 0.00 | 0 | 0 | |
Fine Arts - Miscellaneous | 0 | 0 | 0 | 0 | 0 | 0.00 | 0 | 0 |